000
00340nam a22001457a 4500
008
230614b ||||| |||| 00| 0 eng d
020
_a
0826164935
041
_a
eng
080
_2
VOLUME 11
_a
28
082
_a
28SPR
100
_a
30
101
_a
HIS
245
_a
ANNUAL REVIEW OF GERONTOLOGY AND GERIATRICS
_c
SPRINGER
942
_2
udc
_c
BK
999
_c
59971
_d
59971